Regional workshop on rearch and technology transfer for asian development AIT Bangkok Thailand

保存先:
書誌詳細
団体著者: Regional reserch and development center
フォーマット: 図書
言語:Undetermined
出版事項: Bangkok Asian institute of technology 1983
主題:
タグ: タグ追加
タグなし, このレコードへの初めてのタグを付けませんか!
Thư viện lưu trữ: Trung tâm Học liệu Trường Đại học Cần Thơ
LEADER 00664nam a2200205Ia 4500
001 CTU_102235
008 210402s9999 xx 000 0 und d
082 |a 338.0959 
082 |b R336 
110 |a Regional reserch and development center 
245 0 |a Regional workshop on rearch and technology transfer for asian development AIT Bangkok Thailand 
245 0 |c Regional reserch and development center 
260 |a Bangkok 
260 |b Asian institute of technology 
260 |c 1983 
650 |a Developing countrie 
650 |x Technology transfer 
650 |z Asian 
904 |i Hiếu 
980 |a Trung tâm Học liệu Trường Đại học Cần Thơ